000 00432nam a2200145Ia 4500
008 100122s9999 xx 000 0 und d
082 _b1262
_a823
100 _aभिडे वि वा
245 _aपण तिसरा कोण ?
260 _bप्रकाशक शोधणे
_c1924
300 _a55
630 _aपण तिसरा कोण ?
730 _aपण तिसरा कोण ?
942 _cBOOK
999 _c396037
_d396034